|
|
|
|
| LEADER |
00623nab a2200157 i 4500 |
| 001 |
delm140935 |
| 005 |
20200102132814.0 |
| 008 |
200102s2008 hu o 0|| hun d |
| 040 |
|
|
|a SZTE Délmagyarország Archívum
|b hun
|
| 041 |
|
|
|a hun
|
| 100 |
1 |
|
|a Fekete Klára
|
| 245 |
1 |
0 |
|a Megtaláltuk a Régi Hungária billiárdasztalát
|h [elektronikus dokumentum] :
|b Bodor Gábor több ereklyét megőrzött a patináns szállóból /
|c Fekete Klára
|
| 260 |
|
|
|c 2008-11-10
|
| 300 |
|
|
|a 1, 5
|
| 490 |
0 |
|
|a Délmagyarország
|v 98 No. 262
|
| 695 |
|
|
|a Szeged, Szálloda Régi Hungária Szeged, Vendéglátás szálloda Kass Szálló, Biliárdasztal
|